Welcome to WEB OPAC of MRSPTU Central Library

Introduction to numerical analysis (Record no. 4520)

MARC details
000 -LEADER
fixed length control field 00361nam a2200145Ia 4500
008 - FIXED-LENGTH DATA ELEMENTS--GENERAL INFORMATION
fixed length control field 230711s9999||||xx |||||||||||||| ||und||
041 ## - LANGUAGE CODE
Language code of text/sound track or separate title ENG
082 ## - DEWEY DECIMAL CLASSIFICATION NUMBER
Classification number 519
Item number DE-N
100 ## - MAIN ENTRY--PERSONAL NAME
Personal name Devi Prasad
245 #0 - TITLE STATEMENT
Title Introduction to numerical analysis
250 ## - EDITION STATEMENT
Edition statement 3rd . Ed.
260 ## - PUBLICATION, DISTRIBUTION, ETC.
Date of publication, distribution, etc. 2006
Place of publication, distribution, etc. New Delhi
Name of publisher, distributor, etc. Narosa Publishing House
650 ## - SUBJECT ADDED ENTRY--TOPICAL TERM
Topical term or geographic name entry element Mathematics
942 ## - ADDED ENTRY ELEMENTS (KOHA)
Koha item type Book
Holdings
Withdrawn status Lost status Damaged status Not for loan Collection Home library Current library Date acquired Total checkouts Full call number Barcode Date last seen Date last checked out Price effective from Koha item type
          MRSPTU Central Library MRSPTU Central Library   1 519 DE-N 15468 02/20/2024 02/01/2024 08/17/2023 Book
          MRSPTU Central Library MRSPTU Central Library     519 DE-N 15469 03/07/2024   08/17/2023 Book
          MRSPTU Central Library MRSPTU Central Library     519 DE-N 15470 08/17/2023   08/17/2023 Book
          MRSPTU Central Library MRSPTU Central Library     519 DE-N 15471 08/17/2023   08/17/2023 Book
          MRSPTU Central Library MRSPTU Central Library     519 DE-N 15472 08/17/2023   08/17/2023 Book

Website Designed and Developed by MRSPTU Central Library Team

E-mail Id: librarian@mrsptu.ac.in